Matrix differential calculus with applications in statistics and econometrics (Registro nro. 28367)

Detalles MARC
000 -ENCABEZADO
Número de control [NR] 00810nam a2200241Ia 4500
008 - DE LONGITUD FIJA DE DATOS DE ELEMENTOS - INFORMACIÓN GENERAL
Elementos de longitud fija [NR] 130821s1999 enk gr eng
020 ## - NUMERO INTERNACIONAL NORMALIZADO PARA LIBROS [R]
Número Internacional Normalizado del libro [NR] 047198633 X
040 ## - FUENTE DE CATALOGACION [NR]
Agencia de catalogación original [NR] Co-BoUCM
Idioma de catalogación [NR] spa
041 00 - CODIGO DE IDIOMA [R]
Código de idioma para texto/pista de sonido o título separado [R] Inglés
100 1# - ASIENTO PRINCIPAL--NOMBRE PERSONAL [NR]
Nombre personal [NR] Magnus, Jan R.
245 10 - MENCION DE TITULO [NR]
Título [NR] Matrix differential calculus with applications in statistics and econometrics
Mención de responsabilidad, etc. [NR] Jan R. Magnus, Heinz Neudecker
250 ## - MENCION DE EDICION [NR]
Mención de edición [NR] Rev. ed.
260 ## - PUBLICACION, DISTRIBUCION, ETC. (PIE DE IMPRENTA) [R]
Lugar de publicación, distribución, etc. [R] Chichester (West Sussex, Inglaterra)
Nombre del editor, distribuidor, etc. [R] John Wiley y Sons
Fecha de publicación, distribución, etc. [R] 1999
300 ## - DESCRIPCION FISICA [R]
Extensión [R] 395 páginas
504 ## - NOTA DE BIBLIOGRAFIA, ETC. [R]
Nota de bibliografía, etc. [NR]
650 04 - ASIENTO SECUNDARIO DE MATERIA - TERMINO TEMATICO [R]
Término temático o nombre geográfico como elemento de entrada [NR] Cálculo diferencial
9 (RLIN) 10292
650 04 - ASIENTO SECUNDARIO DE MATERIA - TERMINO TEMATICO [R]
Término temático o nombre geográfico como elemento de entrada [NR] Econometría
9 (RLIN) 13653
650 04 - ASIENTO SECUNDARIO DE MATERIA - TERMINO TEMATICO [R]
Término temático o nombre geográfico como elemento de entrada [NR] Estadística
9 (RLIN) 14984
650 04 - ASIENTO SECUNDARIO DE MATERIA - TERMINO TEMATICO [R]
Término temático o nombre geográfico como elemento de entrada [NR] Matrices
9 (RLIN) 19078
700 1# - ASIENTO SECUNDARIO - NOMBRE PERSONAL [R]
Nombre personal [NR] Neudecker, Heinz
942 ## - ELEMENTOS DE ENTRADA AGREGADOS (KOHA)
Tipo de ítem principal el descrito en 300a Libro
Tema principal Ciencias aplicadas
Edición 1
Parte restante de la signatura top. M199M
Sistema de clasificación DEWEY
Clasificación 512.9434
Existencias
Fecha de último préstamo Total préstamos Signatura topográfica Código de barras Última vez visto Ejemplar Price effective from Tipo de ítem Nota pública (OPAC) Perdido Sistema de clasificación Dañado No prestable Tipo de ítem específico Suprimido Ubicación habitual Ubicación actual Localización Fecha de creación Forma de adquisición Costo
19/08/2009 15 512.9434 M199M 100051725 04/12/2025 Ej.1 03/02/2013 Libro Fundamentos Matemáticos   DEWEY     Libro   Claustro Claustro 4to piso 28/02/2003 Compra 0.00